003130000a2200097000450000500170000008200200001710000220003724500700005926000520012965000340018120250903143918.0 a582.160 954 STE aBrandis, Dietrich aIllustrations of the forest flora of north west and central India aDehradun, Bishen singh Mahendra Pal singhc1972 aFlora- Forest / Forest- Flora